01855nam a2200457 i 450000100060000000300080000600500170001400600190003100700150005000800410006502000180010603500230012403500240014703500250017103500210019604000310021705000200024808200150026810000400028324502060032326400600052930000410058933600310063033700330066133800430069450000230073750400290076058801240078959001640091360000420107760000300111960000280114965000230117765000290120065000200122965000230124965500270127279700190129985600620131899900170138094490FlNmELB20241217172304.0m o d | cr cnu||||||||140718s2005 mx ob 001 0 spa d z9789707224063 a(MiAaPQ)EBC3220017 a(Au-PeEL)EBL3220017 a(CaPaEBR)ebr10862430 a(OCoLC)992020038 aFINmELBbspaerdacFINmELB 4aQ141bA576 20050 a509.222231 aAndrés Martín, Juan Ramón de.10aJosé María Otero de Navascués Enríquez de la Sota, Marqués de Hermosilla :bla baza nuclear y científica del mundo hispánico durante la Guerra Fría /cJuan Ramón de Andrés Martín. 1aMéxico D.F. :bPlaza y Valdés, S.A. de C.V.,c2005. a1 recurso en línea (167 páginas) atextobtxt2rdacontent/spa acomputadorabc2rdamedia/spa arecurso en líneabcr2rdacarrier/spa aContiene índice. aContiene bibliografía. aDescripción basada en recurso en línea; Título de la página del título en PDF (e-libro, visto july 18, 2014). aRecurso electrónico. Santa Fe, Arg.: e-libro, 2015. Disponible vía World Wide Web. El acceso puede estar limitado para las bibliotecas afiliadas a e-libro.14aOtero de Navascués, José María.14aHermosilla, Marqués de.14aSota, Enríquez de la. 0aScientistszSpain. 4aCientíficoszEspaña. 0aNuclear energy. 4aEnergía nuclear. 4aLibros electrónicos.2 ae-libro, Corp.40uhttps://elibro.net/ereader/politecnicointernacional/75700 c94490d94490